000 00632nam a22002297a 4500
003 UA-OsUOA
001 88097
007 ta
008 20121001b un ||||| |||| 00| 0 ukr d
100 _aМелетинський Е.М.
090 _a82.09
_bМ 47
942 _cBK
040 _aUA-OsUOA
_brus
_cUA-OsUOA
_dUA-OsUOA
245 _aПалеоазиатский мифологический эпос: Цикл ворона
300 _a228 с.
955 _a4
041 _arus
080 _a82.09
260 _aМ.
_c1979
650 7 _a82 Література. Літературознавство
_2UDC
999 _c374428
_d374428